|
|
|
|
| LEADER |
01198nam a22002892a 4500 |
| 001 |
000047895 |
| 003 |
CZ BrMZK |
| 005 |
20240821083500.0 |
| 008 |
010907s1994 xr f cze d |
| 015 |
|
|
|a cnb000089201
|
| 020 |
|
|
|a 80-85475-16-2
|
| 035 |
|
|
|a (OCoLC)85660850
|
| 040 |
|
|
|a BOA001
|b cze
|
| 080 |
|
|
|a 930.25(437.10)"1954/1994"
|2 MRF
|
| 100 |
1 |
|
|a Babička, Vácslav,
|d 1949-2012
|7 jn19981228012
|
| 245 |
1 |
0 |
|a 40. výročí Státního ústředního archívu v Praze :
|b 1954-1994 /
|c zpracovali: V. Babička, J. Hoffmannová a kolektiv
|
| 246 |
3 |
2 |
|a 40. výročí Státního ústředního archívu v Praze
|
| 250 |
|
|
|a 1. vyd.
|
| 260 |
|
|
|a Praha :
|b Státní ústřední archiv,
|c 1994
|
| 300 |
|
|
|a 153 s.
|
| 700 |
1 |
|
|a Hoffmannová, Jaroslava,
|d 1942-
|7 jk01041526
|4 aut
|
| 910 |
|
|
|a BOA001
|b PK-0122.798
|b 2-1005.972
|
| 920 |
|
|
|a 000017033
|
| 964 |
|
|
|a Praha - archivy - Státní ústřední archiv v Praze - činnost - r.1954-1994 - přehledy - sborníky
|
| 990 |
|
|
|a BK
|
| 996 |
6 |
|
|b 2610017341
|c 2-1005.972
|l MZK
|r Sklad / do 1 hodiny
|n 0
|p p.v.
|w 000047895
|u 000020
|a 1
|e BOA001
|j MZK50
|s P
|
| 996 |
7 |
|
|b 3119981703
|c PK-0122.798
|l MZK
|r Sklad / do 1 hodiny
|n 1
|w 000047895
|u 000010
|a 1
|e BOA001
|j MZK50
|s A
|